01332cam a2200337 i 450000100090000000300050000900500170001400800410003101000170007202000180008902500230010703700640013004000230019404200150021705000280023206600110026008200160027110000280028724500780031526400490039330000220044233600210046433700250048533800230051052000820053354600130061560000730062888000400070188001720074188000810091317703750NUST20171024101019.0130419s2008 pk 000 0 urd  a 2013352422 a9789694163956 aP-U-2013352422; 15 bLibrary of Congress -- Islamabad Overseas OfficecRs 400.00 aDLCbengcDLCerda alcodeapcc00aPK2199.I65bZ79347 2008 c(3c(4 a891.55bIQB1 6880-01aIqbal, Muhammad106880-02aJāved nāmah /cby Muhammad Iqbal, tarjuma Muzamillah Shafique 1aRawalpindi :bIqbal academy Pakistan,c2007. a47 pages ;c22 cm atext2rdacontent aunmediated2rdamedia avolume2rdacarrier aCritical study of Jāvednāmah, a poetic book of Muhammad Iqbal, 1877-1938. aIn Urdu.106880-03aIqbal, Muhammad,cSir,d1877-1938.tJāvīdnāmah.lUrdu.1 6100-01/(3/r‏aمحمد اقبال106245-02/(3/r‏a‏جاويد نامه cمحمد اقبال ، ترجمہ مزملّہ شفیق، تصاویر تبسم خالد، نگرانی خرم علی شفیق146260-03/(3/r‏aلاہورcاقبال اکیڈیمی پاکستان،d2007